Τολμώ
Αποθηκεύτηκε σε:
| Κύριος συγγραφέας: | |
|---|---|
| Μορφή: | Βιβλίο |
| Γλώσσα: | Greek |
| Δημοσίευση: |
[Αθήνα] :
Εξάντας,
1981.
|
| Θέματα: | |
| Ετικέτες: |
Προσθήκη ετικέτας
Δεν υπάρχουν, Καταχωρήστε ετικέτα πρώτοι!
|
MARC
| LEADER | 00000cam a2200000 i 4500 | ||
|---|---|---|---|
| 001 | 1/4195 | ||
| 008 | 100204s1981 gr | ||| |||| ||gre|| | ||
| 035 | |l 10106647 | ||
| 040 | |a GR-MyUA |b gre |e AACR2 | ||
| 041 | 0 | |a gre | |
| 082 | 0 | |a 927 |2 (22) | |
| 100 | 1 | |a Βρανά, Σπεράντζα. | |
| 245 | 1 | 0 | |a Τολμώ / |c Σπεράντζα Βρανά. |
| 260 | |a [Αθήνα] : |b Εξάντας, |c 1981. | ||
| 300 | |a 415 σ. : |b φωτ. ; |c 21 εκ. | ||
| 600 | 1 | 0 | |a Βρανά, Σπεράντζα. |
| 650 | 0 | 0 | |a Actors |x Biography. |
| 650 | 0 | 0 | |a Autobiography. |
| 852 | |a INST |b SAMOS |e 20100204 |h 927 ΒΡΑ |p 005300030702 |q 005300030702 |t BK |y 0 | ||
| 901 | |a BIBL3-2010-1 | ||
| 909 | |a Σ |b 158700 | ||
| 970 | |a ΣΙΤΖΙΜΗ |b ΓΙΑΣΕΜΗ |z 2010/02/04 | ||